000 00584nam a22001817a 4500
008 150519b xxu||||| |||| 00| 0 eng d
020 _a9780072512908
041 0 _aeng
080 _a800 WIL
100 _aMuller, Gilbert H.,
_d1941-
245 0 0 _aWays in :
_cGilbert H. Muller, John A. Williams.
260 _aBoston :
_bMcGraw-Hill,
_cc2003.
300 _a169 f
_bme il
_c23 cm.
500 _aIncludes index.
650 _aEnglish language
_xRhetoric.
650 _aLiterature
_xHistory and criticism
942 _2udc
_cBK
999 _c830
_d830